| 000 | 00673nam a2200265Ia 4500 | ||
|---|---|---|---|
| 001 | 38945 | ||
| 005 | 20240114002032.0 | ||
| 007 | ta | ||
| 008 | 070807s1998 a g b000 u 465 u | ||
| 040 | _aRef. stack | ||
| 041 | _a465 | ||
| 082 |
_a954.162 _bDu 95 Hi |
||
| 100 | _aDutta, Debabrata . | ||
| 245 | 0 |
_aHistory of Assam / _cDebabrata Dutta. _hTextual Documents |
|
| 250 | _a5th Rev.ed. / | ||
| 260 |
_aCalcutta : _bSribhumi Publishing Co. , _c1998. |
||
| 300 |
_a113p. : _bill ; _c22cm . |
||
| 653 | _aHistory-Assam | ||
| 653 | _aAssam History | ||
| 653 | _aG-History | ||
| 942 |
_2ddc _cBK |
||
| 999 |
_c38917 _d38917 |
||